[Event "Pardubice op rap 24th"]
[Site "Pardubice"]
[Date "2013.07.17"]
[Round "2"]
[White "Ageichenko, Genadi A"]
[Black "Lund, Arne Birger"]
[Result "1-0"]
[WhiteElo "2298"]
[BlackElo "2067"]
[PlyCount "103"]
[EventDate "2013.07.17"]
[EventType "swiss (rapid)"]
[EventRounds "9"]
[EventCountry "CZE"]
[SourceTitle "CBM 155 Extra"]
[Source "ChessBase"]
[SourceDate "2013.08.26"]
[SourceVersion "1"]
[SourceVersionDate "2013.08.26"]
[SourceQuality "1"]

1. e4 c5 2. f4 d5 3. exd5 Nf6 4. Bb5+ Bd7 5. Bxd7+ Qxd7 6. c4 e6 7. dxe6 Qxe6+ 8. Qe2 Nc6 9. Qxe6+ fxe6 10. Nf3 Nb4 11. Kd1 0-0-0 12. Nc3 Ng4 13. Ke2 Nc2 14. Rb1 g6 15. d3 Bg7 16. Ne4 b6 17. Bd2 Rhe8 18. h3 Nh6 19. Bc3 Nd4+ 20. Nxd4 Bxd4 21. g4 e5 22. Bxd4 Rxd4 23. Rhf1 Nf7 24. f5 gxf5 25. Rxf5 Nd6 26. Nxd6+ Rxd6 27. Rd1 e4 28. Rd5 exd3+ 29. Kxd3 Rxd5+ 30. cxd5 Kd7 31. Rf1 Kd6 32. Rf7 h5 33. Rf6+ Kxd5 34. Rf5+ Kc6 35. Rxh5 Rd8+ 36. Kc2 Rd4 37. g5 Rf4 38. h4 Rg4 39. Rh6+ Kb5 40. g6 a5 41. h5 a4 42. a3 Kc4 43. Rh7 Rg2+ 44. Kd1 Rg5 45. Ke2 Kb3 46. g7 Kxb2 47. h6 Kxa3 48. Rh8 Kb2 49. g8Q Rxg8 50. Rxg8 a3 51. h7 a2 52. h8Q+ 1-0

[Event "NOR-chB op"]
[Site "Asker"]
[Date "2003.05.29"]
[Round "2"]
[White "Lund, Arne Birger"]
[Black "Bae, Torstein"]
[Result "0-1"]
[WhiteElo "1841"]
[BlackElo "2336"]
[PlyCount "70"]
[EventDate "2003.05.??"]
[EventType "swiss"]
[EventRounds "5"]
[EventCountry "NOR"]
[SourceTitle "EXT 2005"]
[Source "ChessBase"]
[SourceDate "2004.11.15"]
[SourceVersion "1"]
[SourceVersionDate "2004.11.15"]
[SourceQuality "1"]

1. e4 c6 2. d4 d5 3. exd5 cxd5 4. Bd3 Nc6 5. c3 Nf6 6. Nf3 Bg4 7. h3 Bh5 8. Bf4 e6 9. Nbd2 Bd6 10. Bg5 Qc7 11. 0-0 Rg8 12. g4 Bg6 13. Qe2 Bxd3 14. Qxd3 h6 15. Be3 g5 16. c4 Bf4 17. Bxf4 Qxf4 18. Qe3 h5 19. Qxf4 gxf4 20. g5 Ne4 21. Kh2 Nxd2 22. Nxd2 Nxd4 23. cxd5 exd5 24. Rfe1+ Kd7 25. Re5 Kd6 26. Rae1 Rac8 27. Kg2 f6 28. Re7 Rxg5+ 29. Kh1 Re5 30. R1xe5 fxe5 31. Rxb7 Rc2 32. Nf1 Rxf2 33. Kg1 Rc2 34. Rxa7 Nf3+ 35. Kh1 Rf2 0-1